| 000 | 00458 a2200169 4500 | ||
|---|---|---|---|
| 999 |
_c30171 _d30171 |
||
| 003 | NUST | ||
| 005 | 20180118120241.0 | ||
| 008 | 180118b xxu||||| |||| 00| 0 eng d | ||
| 020 | _a9812530029 | ||
| 020 | _a9812530029 | ||
| 082 | 0 | 4 | _a515.352 |
| 100 | 1 |
_aBirkhoff, Garrett. _98672 |
|
| 245 | 1 | 0 |
_aOrdinary differential equations / _cGarrett Birkhoff, Gian-Carlo Rota. |
| 250 | _a4th ed. | ||
| 260 |
_aIndia _bJohn Wiley & Sons, _c2003. |
||
| 300 |
_a399 p. ; _c22 cm. |
||
| 700 | 1 |
_aRota, Gian-Carlo. _98673 |
|
| 942 |
_aSNS _cBK _k515.352 BIR _2ddc |
||